000 01845cam a22003735i 4500
003 OSt
005 20240530110424.0
008 140809s2012 ua h b 000 0 fre d
020 _a9782724706260
020 _a2724706269
035 _a(OCoLC)ocn834421246
040 _aEG-CaGPL
_cEG-CaGPL
042 _alccopycat
_alcode
082 0 4 _221
_a493.1
_bCC/C D
100 1 _aCherpion, Nadine,
_eauthor.
245 1 3 _aLe dessinateur Cherubini et la Grammaire de Champollion /
_cNadine Cherpion.
264 1 _aLe Caire :
_bInstitut Français d'Archéologie Orientale,
_c[2012]
300 _a44 pages :
_bcolor facsimiles ;
_c29 cm +
_e1 folded sheet.
336 _atext
_btxt
_2rdacontent
337 _aunmediated
_bn
_2rdamedia
338 _avolume
_bnc
_2rdacarrier
338 _asheet
_bnb
_2rdacarrier
490 1 _aIF ;
_v1080
490 1 _aBiGen,
_x1110-2470 ;
_v43 - 2012
500 _aFolded sheet laid in.
504 _aIncludes bibliographical references.
520 8 _a"Les épreuves de la Grammaire de Champollion (3 fasc., 1836-1841), conservées à l'Ifao, constituent l'étape intermédiaire entre le manuscrit original de l'auteur, aujourd'hui à la Bibliothèque nationale de France, et l'ouvrage imprimé. De la main de Cherubini en ce qui concerne le dessin des hiéroglyphes, elles sont riches d'intérêt pour l'histoire de l'imprimerie et, outre une valeur sentimentale pour l'égyptologie, elles ont une réelle valeur artistique"--Page 4 of cover.
600 1 0 _aChampollion, Jean-François,
_d1790-1832.
_tGrammaire égyptienne
_vIllustrations.
600 1 0 _aCherubini, Salvatore,
_d1797-1869
_xCriticism and interpretation.
600 1 0 _aChampollion, Jean-François,
_d1790-1832
_xKnowledge
_xPrinting.
650 0 _aEgyptian language
_xWriting, Hieroglyphic.
650 0 _aEgyptian language
_xGrammar.
942 _2ddc
_cBK
999 _c60713
_d60713